00956nam a22002537a 45000010005000000030006000050050017000110080041000280200018000690400029000870500016001160820015001321000022001472450049001692600051002183000053002694900034003225050008003565200237003645210029006015210020006306500021006506500031006719601FISKH20260126092953.0260126b cb ||||| |||| 00| 0 eng d a9780261102378 aFISKHbengcFISKHdFISKH aPR6039 .O32 a823.087661 aTolkien , J.R.R.  aThe return of the king /cBy J.R.R. Tolkien  aLondon :bHarper Collins Publishers ,c1955 .  a1567 pages : billustrations , maps ; c18 cm .  aThe lord of the ringsvPart 3 aZ  aAs the armies of the Dark Lord gather, Aragorn joins with the Riders of Rohan, Merry and Pippin escape into the Fangorn Forest and meet the Ents, Gandalf returns, and Sam and Frodo are separated after Frodo is captured by the Orcs. 8 a920 bLexile estimate 8 aJ bRaz-Plus  aHobbitsvFiction aLord of the RingsvFiction